Statistics for Commonwealth Countries with a Semi-Empty Map

Click here to take the quiz!

General Stats

  • This quiz has been taken 1,299 times
  • The average score is 187 of 196

Answers on the Map

Answers color-coded by a green-red scale on the quiz's map according to % correct below.
 

Answer Stats

Country% Correct
Afghanistan
100%
Albania
100%
Algeria
100%
Andorra
100%
Angola
100%
Argentina
100%
Armenia
100%
Austria
100%
Azerbaijan
100%
Bahrain
100%
Belarus
100%
Belgium
100%
Benin
100%
Bhutan
100%
Bolivia
100%
Bosnia and Herzegovina
100%
Brazil
100%
Bulgaria
100%
Burkina Faso
100%
Burundi
100%
Cambodia
100%
Cape Verde
100%
Central African Republic
100%
Chad
100%
Chile
100%
China
100%
Colombia
100%
Comoros
100%
Costa Rica
100%
Côte d'Ivoire
100%
Croatia
100%
Cuba
100%
Czech Republic
100%
Democratic Republic of the Congo
100%
Denmark
100%
Djibouti
100%
Dominican Republic
100%
East Timor
100%
Ecuador
100%
Egypt
100%
El Salvador
100%
Equatorial Guinea
100%
Eritrea
100%
Estonia
100%
Ethiopia
100%
Federated States of Micronesia
100%
Finland
100%
France
100%
Gabon
100%
Gambia
100%
Georgia
100%
Germany
100%
Greece
100%
Guatemala
100%
Guinea
100%
Guinea Bissau
100%
Haiti
100%
Honduras
100%
Hungary
100%
Iceland
100%
Indonesia
100%
Iran
100%
Iraq
100%
Ireland
100%
Israel
100%
Italy
100%
Japan
100%
Jordan
100%
Kazakhstan
100%
Kosovo
100%
Kuwait
100%
Kyrgyzstan
100%
Laos
100%
Latvia
100%
Lebanon
100%
Liberia
100%
Libya
100%
Liechtenstein
100%
Lithuania
100%
Luxembourg
100%
Macedonia
100%
Madagascar
100%
Maldives
100%
Mali
100%
Marshall Islands
100%
Mauritania
100%
Mexico
100%
Moldova
100%
Monaco
100%
Mongolia
100%
Montenegro
100%
Morocco
100%
Myanmar
100%
Nepal
100%
Netherlands
100%
Nicaragua
100%
Niger
100%
North Korea
100%
Norway
100%
Oman
100%
Palau
100%
Panama
100%
Paraguay
100%
Peru
100%
Philippines
100%
Poland
100%
Portugal
100%
Qatar
100%
Republic of the Congo
100%
Romania
100%
Russia
100%
San Marino
100%
São Tomé and Príncipe
100%
Saudi Arabia
100%
Senegal
100%
Serbia
100%
Slovakia
100%
Slovenia
100%
Somalia
100%
South Korea
100%
South Sudan
100%
Spain
100%
Sudan
100%
Suriname
100%
Sweden
100%
Switzerland
100%
Syria
100%
Taiwan
100%
Tajikistan
100%
Thailand
100%
Togo
100%
Tunisia
100%
Turkey
100%
Turkmenistan
100%
Ukraine
100%
United Arab Emirates
100%
United States
100%
Uruguay
100%
Uzbekistan
100%
Vatican City
100%
Venezuela
100%
Vietnam
100%
Yemen
100%
Zimbabwe
100%
Canada
96%
Australia
94%
India
94%
South Africa
94%
United Kingdom
94%
Kenya
92%
Nigeria
92%
Pakistan
92%
Botswana
91%
Namibia
91%
Tanzania
91%
Zambia
91%
Cameroon
90%
Mozambique
90%
New Zealand
90%
Uganda
90%
Ghana
89%
Lesotho
89%
Guyana
87%
Malawi
86%
Rwanda
86%
Bangladesh
84%
Fiji
83%
Papua New Guinea
81%
Saint Kitts and Nevis
81%
Sierra Leone
81%
Tonga
81%
Barbados
80%
Kiribati
80%
Saint Lucia
80%
Saint Vincent and Grenadines
80%
Samoa
80%
Sri Lanka
79%
Tuvalu
79%
Vanuatu
79%
Antigua and Barbuda
78%
Solomon Islands
78%
Trinidad and Tobago
78%
Jamaica
77%
Malaysia
77%
Nauru
77%
Grenada
76%
Swaziland
76%
Bahamas
75%
Mauritius
75%
Seychelles
74%
Malta
71%
Cyprus
69%
Dominica
69%
Singapore
69%
Brunei
65%
Belize
59%

Score Distribution

Percentile by Number Answered

Percent of People with Each Score

Your Score History

You have not taken this quiz